Desarrollo intelectual del preescolar /

Guardado en:
Autor Principal: Bosch, Lydia Penchansky de
Formato: Libro
Publicado: Buenos Aires : Librer¡a del Colegio, 1983
Series:Biblioteca Nueva Pedagog¡a
Materias:
Etiquetas: Agregar Etiqueta
Sin Etiquetas, Sea el primero en etiquetar este registro!
LEADER 00795nam a22002295a 4500
001 CEM.cems004979
005 20060217000000.0
008 130507s1983##################000#0#####d
003 CEMS
082 0 4 |a 372.21 
100 1 |a Bosch, Lydia Penchansky de 
245 1 0 |a Desarrollo intelectual del preescolar / 
260 |a Buenos Aires :  |b Librer¡a del Colegio,  |c 1983 
300 |a 151 p. 
490 0 |a Biblioteca Nueva Pedagog¡a 
505 0 |a 1. El desarrollo intelectual. 2. La teor¡a de Piaget. 3. El ni¤o de 2 a 7 a¤os. 4.Juego y desarrollo intelectual. 5.Sugerencias para la acci¢n pr ctica. 
653 |a Educacion 
653 |a Educacion preescolar 
653 |a Juego 
653 |a Numero-iniciacion 
653 |a Piaget 
859 |a CEMS  |b BIB. CEMS - 11 de abril  |h 372.21  |i B65-3  |p 12113.83  |t Ej.1